1276 1321 1148 1579 1240 1460 1948 1786 1048 1338 1004 1326 1933 1282 1273 1525 1785 1894 1084 1346 1437 1415 1415 1722 1937 1760 1699 1015 1603 1291 1826 1425 1662 1544 1792 1071 1696 1613 1686 1574 1395 1563 1419 1725 1878 1899 1831 1312 1643 1239 1746 1662 1796 1552 1610 1104 1459 1098 1247 1901 1839 1827 1123 1162 1996 1199 1711 1182 1137 1989 1860 1753 1761 1197 1674 1132 1898 1181 1098 1786 1745 1835 1848 1963 1752 1732 1043 1931 1335 1813 1226 1522 1904 1144 1047 1095 1916 1248 1948 BCNSPRNW ULIB Ver.6.0+V

เปลี่ยนเป็นภาษาไทย

Change to English
 แสดงรายละเอียดบรรณานุกรม
  กลับหน้าหลัก

Brief Record : Get Marc (ISO 2709) : E-mail record : QR code < ปิดหน้าต่าง
LEADER : 00000nam 2200000uu 4500
001    13399108244
003     ULIB
008    110223s2553||||th 000 0 tha d
020    9786165070300
050  4 TX652^bก152ก 2553
100 0  กรณ์กาญจน์ ภมรประวัติ
245 00 กินตามสี /^cกรณ์กาญจน์ ภมรประวัติ
260    กรุงเทพฯ : ^bหมอชาวบ้าน,^c2553
300    156 หน้า:^bภาพประกอบสี
650  7 ผัก
650  7 ผลไม้
650  7 อาหารสุขภาพ
945    ^p250^l0^i029766
945    ^p250^l0^i029765
995    เกษร
999 ^a ใช้งานได้ทุกระบบ
รายการนี้ยังไม่มีแท็ก
คุณยังไม่ได้ล็อกอิน คุณสามารถมีกิจกรรมร่วมกับเว็บไซต์ได้ แต่ต้องล็อกอินก่อน ::
  ล็อกอิน

รายการสื่อสารสนเทศ

ลำดับที่ ประเภท เลขเรียก/บาร์โค้ด สถานที่ สถานะ
- ไม่พบข้อมูล -

รายการใกล้เคียง
    ผู้แต่ง [กรณ์กาญจน์ ภมรประวัติ]

    หัวเรื่อง [ผัก]
    หัวเรื่อง [ผลไม้]
    หัวเรื่อง [อาหารสุขภาพ]

BibComment


ยังไม่เคยถูกคอมเมนท์

คอมเมนท์ทรัพยากรรายการนี้
  คอมเมนท์: กินตามสี กรณ์กาญ..


 Copyright 2026. Bcnsprnw @Library